Представление документа в формате MARC21

Поле Инд. ПП Название Значение
Тип записи a
Библиографический уровень b
001 Контрольный номер RU/IS/BASE/264552723
005 Дата корректировки 20200618185531.1
008 Кодируемые данные 19951026
084 a Индекс другой классификации/Индекс ББК 60.023
100 10 a Автор Кефели И. Ф.
245 00 a Заглавие Культура и природа
650 a Основная рубрика социальная философия
a Основная рубрика философия
653 00 a Ключевые слова биосфера
a Ключевые слова культура
a Ключевые слова ноосфера
a Ключевые слова природа
a Ключевые слова философия культуры
a Ключевые слова экологическая философия
773 00 t Заглавие источника Социально-политический журнал
d Дата издания источника 1995
g Прочая информация № 2. - С. 116 - 121
w Контрольный № источника RU/IS/BASE/141310091
901 t Тип документа b